000 00403nam a2200181Ia 4500
001 13651
005 20260306164816.0
008 260306t2005||||xx |||||||||||||| ||spa||
041 _aESP
082 _a005.1
_bS67 2005
100 _aSommerville, Ian
_eAUT
245 0 _aIngenierĂ­a del software
260 _c2005
300 _a
_c
650 _aGEN
654 _aCCC
942 _cLIB
_dJUS
_fJUS
_2ddc
_n
999 _c13651
_d13651